| 000 | 00671nam a2200229Ia 4500 | ||
|---|---|---|---|
| 003 | OSt | ||
| 005 | 20220928112911.0 | ||
| 006 | a|||||r|||| 00| 0 | ||
| 007 | ta | ||
| 008 | 220927b |||||||| |||| 00| 0 eng d | ||
| 024 | _a24629 | ||
| 037 | _cTextual | ||
| 040 |
_aSDCL _cSDCL _beng |
||
| 041 |
_2eng _aeng |
||
| 082 | _aV1,61:28'N, L2.1-.2 | ||
| 100 | _aRobson William A | ||
| 245 | 0 |
_aGreat cities of the world _bTheir government politics and planning. |
|
| 260 |
_aLondon _bGeorge Allen and Unwin _c1972 |
||
| 300 |
_aV1.493p,V2.1114p _ccm. |
||
| 942 |
_hV1,61:28'N, L2.1-.2 _cTEXL _2CC |
||
| 999 |
_c746956 _d746956 |
||